दर्शन, धर्म-अध्यात्म और संस्कृति / (Record no. 118935)
[ view plain ]
| 000 -LEADER | |
|---|---|
| fixed length control field | 01130nam a22002537a 4500 |
| 005 - DATE AND TIME OF LATEST TRANSACTION | |
| control field | 20170124103124.0 |
| 010 ## - LIBRARY OF CONGRESS CONTROL NUMBER | |
| LC control number | B-050177 |
| 020 ## - INTERNATIONAL STANDARD BOOK NUMBER | |
| Terms of availability | 140.00 |
| International Standard Book Number | 8126306467 |
| 035 ## - SYSTEM CONTROL NUMBER | |
| System control number | B-050177 |
| 037 ## - SOURCE OF ACQUISITION | |
| Source of stock number/acquisition | Cen Lib/Ret |
| 040 ## - CATALOGING SOURCE | |
| Original cataloging agency | DPL |
| Language of cataloging | HN |
| 082 ## - DEWEY DECIMAL CLASSIFICATION NUMBER | |
| Classification number | 181.4 |
| Item number | देवरा |
| 100 ## - MAIN ENTRY--PERSONAL NAME | |
| Personal name | देवराज |
| 9 (RLIN) | 500 |
| 245 ## - TITLE STATEMENT | |
| Title | दर्शन, धर्म-अध्यात्म और संस्कृति / |
| Statement of responsibility, etc | देवराज |
| 246 ## - VARYING FORM OF TITLE | |
| Title proper/short title | Darshan, dharma-adhyatma aur samskriti / |
| Remainder of title | by Devraj |
| 260 ## - PUBLICATION, DISTRIBUTION, ETC. (IMPRINT) | |
| Place of publication, distribution, etc | नयी दिल्ली |
| Name of publisher, distributor, etc | भारतीय ज्ञानपीठ |
| Date of publication, distribution, etc | 2001 |
| 270 ## - ADDRESS | |
| City | नयी दिल्ली |
| Address | 18, इंस्टीट्युशनल एरिया, लोधी रोड |
| Postal code | 110003 |
| 300 ## - PHYSICAL DESCRIPTION | |
| Extent | 176पृ. |
| Dimensions | 21सेमी (सजिल्द) |
| 650 ## - SUBJECT ADDED ENTRY--TOPICAL TERM | |
| Topical term or geographic name as entry element | दार्शनिक चिन्तन मूलक निबंध |
| 9 (RLIN) | 82587 |
| 650 ## - SUBJECT ADDED ENTRY--TOPICAL TERM | |
| Topical term or geographic name as entry element | धर्म अध्यात्मता |
| 9 (RLIN) | 3310 |
| 650 ## - SUBJECT ADDED ENTRY--TOPICAL TERM | |
| Topical term or geographic name as entry element | Oriented philosophical essay |
| 9 (RLIN) | 82588 |
| 650 ## - SUBJECT ADDED ENTRY--TOPICAL TERM | |
| Topical term or geographic name as entry element | Religion Adhyatmta |
| 9 (RLIN) | 82589 |
| 942 ## - ADDED ENTRY ELEMENTS (KOHA) | |
| Source of classification or shelving scheme | Dewey Decimal Classification |
| Koha item type | Hindi Books |
| Classification part | 181.4 |
| Call number suffix | देवरा |
| Withdrawn status | Lost status | Damaged status | Not for loan | Home library | Current library | Date acquired | Source of acquisition | Cost, normal purchase price | Total Checkouts | Full call number | Barcode | Date last seen | Copy number | Cost, replacement price | Price effective from | Koha item type |
|---|---|---|---|---|---|---|---|---|---|---|---|---|---|---|---|---|
| Central Library | Central Library | 14/09/2015 | Cen Lib/Ret | 140.00 | 181.4 देवरा | B-050177 | 14/09/2015 | 1 | 140.00 | 14/09/2015 | Hindi Books |
